Şıpsevdi; roman. (Record no. 50160)

MARC details
000 -LEADER
fixed length control field 00501cam a22001931 4500
001 - CONTROL NUMBER
control field ne 68000788
003 - CONTROL NUMBER IDENTIFIER
control field DLC
005 - DATE AND TIME OF LATEST TRANSACTION
control field 20260227111839.0
008 - FIXED-LENGTH DATA ELEMENTS--GENERAL INFORMATION
fixed length control field 890327s1965 tu 000 0 tur
010 ## - LIBRARY OF CONGRESS CONTROL NUMBER
LC control number ne 68000788
035 ## - SYSTEM CONTROL NUMBER
System control number (OCoLC)23572287
040 ## - CATALOGING SOURCE
Original cataloging agency DLC
Transcribing agency MiU
Modifying agency DLC
042 ## - AUTHENTICATION CODE
Authentication code premarc
050 00 - LIBRARY OF CONGRESS CALL NUMBER
Classification number PL248.G84
Item number S5 1965
100 1# - MAIN ENTRY--PERSONAL NAME
Personal name Gürpınar, Hüseyin Rahmi,
Dates associated with a name 1864-1944.
245 10 - TITLE STATEMENT
Title Şıpsevdi; roman.
260 ## - PUBLICATION, DISTRIBUTION, ETC.
Place of publication, distribution, etc. İstanbul,
Name of publisher, distributor, etc. Atlas Kitabevi
Date of publication, distribution, etc. [1965]
300 ## - PHYSICAL DESCRIPTION
Extent 418 p.
Dimensions 20 cm.

No items available.

Powered by Koha